Public relations and social theory : (Record no. 6235)

MARC details
000 -LEADER
fixed length control field 00823nam a22002537a 4500
003 - CONTROL NUMBER IDENTIFIER
control field OSt
005 - DATE AND TIME OF LATEST TRANSACTION
control field 20251125111649.0
008 - FIXED-LENGTH DATA ELEMENTS--GENERAL INFORMATION
fixed length control field 251125b |||||||| |||| 00| 0 eng d
020 ## - INTERNATIONAL STANDARD BOOK NUMBER
International Standard Book Number 978-0-415-99786-7.
040 ## - CATALOGING SOURCE
Original cataloging agency DWCL-Admin lib
Transcribing agency OC
082 ## - DEWEY DECIMAL CLASSIFICATION NUMBER
Classification number Circ. 659.201 P976 2009
100 ## - MAIN ENTRY--PERSONAL NAME
Personal name Ihlen, Oyvild
245 ## - TITLE STATEMENT
Title Public relations and social theory :
Remainder of title key figures and concepts /
Statement of responsibility, etc. Oyvild Ihlen
260 ## - PUBLICATION, DISTRIBUTION, ETC.
Place of publication, distribution, etc. N.Y. :
Name of publisher, distributor, etc. Routledge,
Date of publication, distribution, etc. c2009
300 ## - PHYSICAL DESCRIPTION
Extent viii, 376 p. ;
Dimensions 23 cm.
504 ## - BIBLIOGRAPHY, ETC. NOTE
Bibliography, etc. note Includes bibliopgraphical references & index.
650 ## - SUBJECT ADDED ENTRY--TOPICAL TERM
Topical term or geographic name entry element 1. Public relations Research
650 ## - SUBJECT ADDED ENTRY--TOPICAL TERM
Topical term or geographic name entry element 2. Public relations-Evaluation
650 ## - SUBJECT ADDED ENTRY--TOPICAL TERM
Topical term or geographic name entry element 3. Social Sciences-Philosophy
650 ## - SUBJECT ADDED ENTRY--TOPICAL TERM
Topical term or geographic name entry element 4. Social scientists
700 ## - ADDED ENTRY--PERSONAL NAME
Personal name Ruler, Betteke Van
700 ## - ADDED ENTRY--PERSONAL NAME
Personal name Fredriksson, Magnus
942 ## - ADDED ENTRY ELEMENTS (KOHA)
Source of classification or shelving scheme Dewey Decimal Classification
Koha item type Book Circulation
Call number prefix Circ.
Suppress in OPAC No
952 ## - LOCATION AND ITEM INFORMATION (KOHA)
--
Holdings
Withdrawn status Lost status Source of classification or shelving scheme Damaged status Not for loan Home library Current library Shelving location Date acquired Source of acquisition Total Checkouts Full call number Barcode Date last seen Copy number Price effective from Koha item type Uniform Resource Identifier
    Dewey Decimal Classification     College Library College Library Circulation 06/22/2011 School Fund   Circ. 659.201 P976 2009 48486 11/25/2025 c1 11/25/2025 BK-CIRC